<?xml version="1.0" encoding="UTF-8"?>
<record
    xmlns:xsi="http://www.w3.org/2001/XMLSchema-instance"
    xsi:schemaLocation="http://www.loc.gov/MARC21/slim http://www.loc.gov/standards/marcxml/schema/MARC21slim.xsd"
    xmlns="http://www.loc.gov/MARC21/slim">

  <leader>00352    a2200109   4500</leader>
  <controlfield tag="001">ART_5758</controlfield>
  <controlfield tag="005">20260410161617.0</controlfield>
  <controlfield tag="008">260409a                                 </controlfield>
  <datafield tag="245" ind1="1" ind2="0">
    <subfield code="a">&#xBF;C&#xF3;mo lograr eficiencia y efectividad en el funcionamiento del Comit&#xE9; de Auditor&#xED;a?</subfield>
  </datafield>
  <datafield tag="100" ind1="1" ind2=" ">
    <subfield code="a">Chalupowicz, Daniel</subfield>
  </datafield>
  <datafield tag="773" ind1="0" ind2=" ">
    <subfield code="t">Enfoques</subfield>
    <subfield code="g">- N&#xBA; 3 (mar. 2007)</subfield>
    <subfield code="w">REV416</subfield>
  </datafield>
  <datafield tag="999" ind1=" " ind2=" ">
    <subfield code="c">11224</subfield>
    <subfield code="d">11224</subfield>
  </datafield>
</record>
